000
00283nam a2200109Ia 4500
008
200302s9999 xx 000 0 und d
100
_a
Asok Kumar Das
245
_a
Wonders of Nature Ustad Mansur at the Mughal Court
260
_b
Marg Publication
260
_c
2012
300
_a
176 P.,
999
_c
3169
_d
3169